000 00356 a2200157 4500
001 15626
020 _a9788526011304
040 _cAnchieta - Bela Vista
100 _aOrthof, Sylvia
240 1 0 _aCiranda de anel e céu
_lpor
245 1 0 _aCiranda de anel e céu
300 _a
362 0 _a2006
650 4 _aLiteratura infanto-juvenil
942 _cBK
999 _c15626
_d15626